000 00777nam a2200181Ia 4500
008 0000001988 sp a 0000000000spa00
090 _aPSP00 S26
245 1 0 _aSeptimo interior
_b: pinturas
300 _a7 láms. sueltas
_c/ 22 cm.
500 _aExposición realizada en el Centro Cultural Casa de Vacas, Madrid, Junio 1121, 1988 \ Con el patronazgo del maestro venezolano Jesús Rafael Soto (q.e.p.d.)
505 _aAnton Llerena Caridad Pérez Aznar Pilar Diez del Corral Manuel Caro Concha Aguado Valle Paramo Carmen López
650 1 4 _aARTE CONTEMPORANEO ESPAÑOL
650 1 4 _xCATALOGOS
650 1 4 _xEXPOSICIONES
650 1 4 _aPINTORES ESPAÑOLES
650 1 4 _aPINTURA ESPAÑOLA
999 _c6225
_d6225
260 _aMadrid : Centro Cultural Casa de Vacas
_c1988